000 01501nam a22002537i 4500
003 URS
005 20240412231314.0
008 171215b xxu||||| |||| 00| 0 eng d
050 1 4 _aHQ 755.8
_bSa44 2004
100 1 0 _aSamera, Magnolia D,
_eauthor
245 1 0 _aRelationship of parenting styles to the character traits of the selected students at University of Rizal System, Tanay, Campus, School Year 2003-2004 /
_cSamera, Magnolia D.
260 1 _c2004.
336 _atext
_btxt
_2rdacontent
337 _aunmediated
_bn
_2rdamedia
338 _avolume
_bnc
_2rdacarrier
502 _aThesis
_bBachelor of Science in Psychology
_cUniversity of Rizal System
_d2004
504 _aInclude bibliographic references
520 _aThis study sought to determine the relationship of parenting styles to the character traits of the selected students at University of Rizal System Tanay, School Year 2003-2004. In order to answer and analyze the different problems stated, the descriptive method of research was used. Questionnaire checklist was given to the respondents in order to determine the relationship of parenting styles to their character traits. Statistical treatments used in completing the study were: percentage, weighted mean, and analysis of variance (Two-Way ANOVA).
610 2 4 _aUniversity of Rizal System
_xStudents
650 0 _aParenting
650 0 _aParent and child
856 _3Online Request for Student Unpublished Works
_uhttps://forms.gle/7LqvGGkaDrUQqz429
942 _2lcc
_cT
999 _c73128
_d73127